000 00471nam a2200157 i 4500
001 93958
003 ES-MaACL
005 20230906181344.0
007 t|
008 050426q1917 sp ||||1| spa d
100 1 _aLópez Pinillos, José.
_973892
245 1 0 _aHombres, hombrecillos y animales /
_cJosé López Pinillos (Parmeno) [seud.].
260 _aMadrid :
_b[s.n.,
_c1917?] (
_fS. L. de Artes Gráficas)
300 _a247 p. ;
_c19 cm.
852 _aES-MaACL
_jF-5605
999 _c93958
_d93958